| 000 | 02671nam a2200361 i 4500 | ||
|---|---|---|---|
| 003 | DO-SdBNP | ||
| 005 | 20260302120950.0 | ||
| 007 | ta | ||
| 008 | 260130b2024 dr ||||| |||| 00| 0 spa d | ||
| 020 | _a9789945505276 (v.1) | ||
| 020 | _a9789945481785 (v.2) | ||
| 040 |
_aDO-SdBNP _bspa _cBNPHU _erda |
||
| 041 | _aspa | ||
| 082 | 4 |
_a347.729305 _bG934g _222 |
|
| 100 | 1 |
_aGuerrero Bautista, Fabio, _4aut. _eautor _988928 |
|
| 245 | 1 | 0 |
_aGuía procedimental y otros aspectos legales, ante los tribunales de la jurisdicción inmobiliaria / _cFabio Guerrero Bautista. |
| 264 | 4 |
_aSanto Domingo, República Dominicana : _bEditora Centenario, S. R. L., _c©2024. |
|
| 300 |
_a2 volúmenes ; _c24 cm. |
||
| 336 |
_atexto _btxt _2rdacontent |
||
| 337 |
_asin mediación _bn _2rdamedia |
||
| 338 |
_avolumen _bnc _2rdacarrier |
||
| 500 | _aIncluye datos biográficos del autor en la contracubierta | ||
| 500 | _aCorregida, ampliada y trozos jurisprudenciales | ||
| 504 | _aBibliografía: páginas 2413-2421 | ||
| 505 | _av.1 Introducción, 7 -- Tema1. Garantía de un buen sistema, 39 -- Tema 2. La competencia, 81 -- Tema 3. Estructura orgánica de los órganos de la jurisdicción inmobiliaria, 351 Tema 4. Principios de legalidad; y el orden jurídico en los tribunales inmobiliarios, 395 -- Tema 5. De la publicidad inmobiliaria, 459 -- Tema 6. Posesión y las acciones posesorias, 493 – Tema 7. El saneamiento y su procedimiento, 581 -- Tema 8. El registro de títulos, 677 -- Tema 9. El desalojo, 759 -- Tema 10. Las litis en derechos o terrenos registrados, 785 | ||
| 505 | _av.2 Tema 11. Recursos contra actuaciones administrativas en la jurisdicción inmobiliaria, 1221 -- Temas 12. El recurso de revisión por error material, 1327 -- Tema13. Recursos contra las decisiones jurisdiccionales, 1359 --Tema 14. El referimiento, 1583 -- Tema 15 Desistimiento, perención, caducidad y prescripción de instancia, 1695 -- Tema 16. Teorías de las pruebas1739 -- Tema 17. Teoría de la nulidades de los actos de transferencias, 1869 -- Tema 18. Determinación de herederos participación, 1941 -- Tema 19 Del reglamento del régimen de condominio, 2157 -- Tema 20. La acción penal, 2203 -- -- Tema 21. Glosario de conceptos inmobiliario, 2251 -- Tema 22. Los formularios en materia inmobiliaria, 2311 -- Tema 23. Conclusiones, 2351 -- | ||
| 590 | _aInventariado, 2026 /LP | ||
| 650 |
_aProcedimiento civil _zRepública Dominicana _916575 |
||
| 650 | 7 |
_aPropiedad inmueble _zRepública Dominicana _2LIBRUNAM _989099 |
|
| 650 | 7 |
_aAcciones y defensas _x Leyes y legislación _zRepública Dominicana _2LIBRUNAM _989100 |
|
| 910 | _aLP | ||
| 942 |
_2ddc _cLBS1 |
||
| 999 |
_c60167 _d60167 |
||